<?xml version="1.0" encoding="UTF-8"?>
<record
    xmlns:xsi="http://www.w3.org/2001/XMLSchema-instance"
    xsi:schemaLocation="http://www.loc.gov/MARC21/slim http://www.loc.gov/standards/marcxml/schema/MARC21slim.xsd"
    xmlns="http://www.loc.gov/MARC21/slim">

  <leader>00633nam a22001697a 4500</leader>
  <controlfield tag="003">LK-CoMWRAF</controlfield>
  <controlfield tag="005">20231214142815.0</controlfield>
  <controlfield tag="008">231214b        |||||||| |||| 00| 0 eng d</controlfield>
  <datafield tag="040" ind1=" " ind2=" ">
    <subfield code="a">LK-CoMWRAF</subfield>
    <subfield code="d">LK-CoMWRAF</subfield>
    <subfield code="e">LK-CoMWRAF</subfield>
  </datafield>
  <datafield tag="041" ind1=" " ind2=" ">
    <subfield code="a">sin</subfield>
  </datafield>
  <datafield tag="082" ind1=" " ind2=" ">
    <subfield code="a">302.23</subfield>
    <subfield code="b">WIJ</subfield>
  </datafield>
  <datafield tag="100" ind1=" " ind2=" ">
    <subfield code="a">&#xDC0;&#xDD2;&#xDA2;&#xDBA;&#xDCF;&#xDB1;&#xDB1;&#xDCA;&#xDAF;, &#xDA2;&#xDBA;&#xDC0;&#xDD3;&#xDBB;</subfield>
  </datafield>
  <datafield tag="245" ind1=" " ind2=" ">
    <subfield code="a">&#xD9C;&#xDDC;&#xDC0;&#xDD2; &#xD9C;&#xDD4;&#xDC0;&#xDB1;&#xDCA; &#xDC0;&#xDD2;&#xDAF;&#xDD4;&#xDBD;&#xDD2; &#xDB4;&#xDD4;&#xDC4;&#xDD4;&#xDAB;&#xDD4; &#xD85;&#xDAD;&#xDCA; &#xDB4;&#xDDC;&#xDAD;</subfield>
  </datafield>
  <datafield tag="246" ind1=" " ind2=" ">
    <subfield code="a">govi giwan widuli puhunu ath potha</subfield>
  </datafield>
  <datafield tag="260" ind1=" " ind2=" ">
    <subfield code="a">&#xD9A;&#xDDC;&#xDC5;&#xDB9; :</subfield>
    <subfield code="b">&#xD91;&#xD9A;&#xDCA;&#xDC3;&#xDAD;&#xDCA; &#xDA2;&#xDCF;&#xDAD;&#xDD3;&#xDB1;&#xDCA;&#xD9C;&#xDDA; &#xD86;&#xDBB;&#xDD2; &#xDAE;&#xDD2;&#xD9A; &#xDC4;&#xDCF; &#xDC3;&#xDB8;&#xDCF;&#xDA2;&#xDD3;&#xDBA; &#xD9A;&#xDDC;&#xDB8;&#xDD2;&#xDC3;&#xDB8;,</subfield>
  </datafield>
  <datafield tag="942" ind1=" " ind2=" ">
    <subfield code="c">BK</subfield>
  </datafield>
  <datafield tag="952" ind1=" " ind2=" ">
    <subfield code="0">0</subfield>
    <subfield code="1">0</subfield>
    <subfield code="4">0</subfield>
    <subfield code="7">0</subfield>
    <subfield code="a">MAIN</subfield>
    <subfield code="b">MAIN</subfield>
    <subfield code="d">2023-12-14</subfield>
    <subfield code="l">0</subfield>
    <subfield code="o">302.23 WIJ</subfield>
    <subfield code="p">RAF4835</subfield>
    <subfield code="r">2023-12-14</subfield>
    <subfield code="w">2023-12-14</subfield>
    <subfield code="y">BK</subfield>
  </datafield>
  <datafield tag="999" ind1=" " ind2=" ">
    <subfield code="c">4453</subfield>
    <subfield code="d">4453</subfield>
  </datafield>
</record>
